Institut del Teatre : higher School of Dramatic Arts : Stage Design higher School of Dramatic Arts : Stage Design
Descripción Física:
1 díptic ; il·lustracions color ; 15 x 21 cm
Idioma:
Catalán , English
MARC
| LEADER | 00000nam a22000007a 4500 | ||
|---|---|---|---|
| 001 | 27960 | ||
| 003 | Arxiu | ||
| 005 | 20260324181517.0 | ||
| 008 | 230530b spa||||| |||| 00| 0 cat d | ||
| 017 | |a B 6726-2019 | ||
| 040 | |a agdb |b cat | ||
| 041 | |a eng | ||
| 245 | |a Institut del Teatre : |b higher School of Dramatic Arts : Stage Design | ||
| 260 | |a Barcelona : |b Institut del Teatre ; |c 2019 | ||
| 300 | |a 1 díptic ; |b il·lustracions color ; |c 15 x 21 cm | ||
| 610 | 2 | 0 | |9 53086 |a Institut del Teatre (Barcelona, Catalunya) |x Currículums |
| 650 | 0 | |2 Arxiu |9 30511 |a Teatre |x Ensenyament | |
| 710 | 1 | |9 52662 |a Institut del Teatre (Barcelona, Catalunya) | |
| 942 | |2 udc |c ARXIU |n 1 | ||
| 952 | |0 0 |1 0 |2 udc |4 0 |6 FU75154 |7 1 |9 66434 |a Arxiu |b Arxiu |d 2023-05-30 |l 0 |o FU-75-154 |p 27960 |r 2023-05-30 00:00:00 |w 2023-05-30 |y ARXIU | ||
| 999 | |c 83775 |d 83775 | ||